=LDR 00000nam 2200000 4500 =001 INLIS000000000029608 =005 20210617090540 =035 ##$$a 0010-061300000029608 =008 210617################g##########0#ind## =041 ##$$a Ind =082 ##$$a 340.1 =090 ##$$a 340.102 879 598, Fat h =100 ##$$a Fatmawati =245 1#$$a Hak menguji (Toesingsrecht) yang dimiliki hakim dalam sistem hukum indonesia /$c Fatmawati, SH., MH =260 ##$$a Jakarta :$b Rajagrfindo Persada,$c 2006 =300 ##$$a xxxi, 261 hlm ; $c 21x14 cm =650 #4$$a Hak Uji-Hukum Indonesia =850 ##$$a NBPNMAT =020 ##$$a 979-3654-50-3 =084 ##$$a 340.1 FAT h =250 ##$$a cet.1 =990 ##$$a 20606150 =990 ##$$a 05470547 =990 ##$$a 20801363 =990 ##$$a 20606150